MLB Baseball MVPs Born Outside the U.S. - Statistics

General Stats
  • This quiz has been taken 269 times
    174 since last reset
  • The average score is 16 of 27
Answer Stats
Year League Birthplace MVP % Correct
2023 AL Ōshū, Japan Shohei Ohtani
99%
2021 AL Ōshū, Japan Shohei Ohtani
99%
2013 AL Maracay, Venezuela Miguel Cabrera
85%
2012 AL Maracay, Venezuela Miguel Cabrera
85%
2023 NL La Guaira, Venezuela Ronald Acuña Jr.
81%
2001 AL Nichi Kasugai-gun, Japan Ichiro Suzuki
77%
2009 NL Santo Domingo, Dominican Republic Albert Pujols
64%
2008 NL Santo Domingo, Dominican Republic Albert Pujols
64%
2008 NL Santo Domingo, Dominican Republic Albert Pujols
64%
1999 AL Manatí, Puerto Rico Iván Rodríguez
63%
1966 NL Carolina, Puerto Rico Roberto Clemente
62%
2010 NL Toronto, Canada Joey Votto
59%
2020 AL Cienfuegos, Cuba José Abreu
59%
2017 AL Puerto Cabello, Venezuela Jose Altuve
57%
2004 AL Nizao, Dominican Republic Vladimir Guerrero
56%
1998 AL Arecibo, Puerto Rico Juan González
52%
1996 AL Arecibo, Puerto Rico Juan González
52%
1998 NL San Pedro de Macorís, Dominican Republic Sammy Sosa
52%
1997 NL Maple Ridge, Canada Larry Walker
47%
2006 AL New Westminster, Canada Justin Morneau
41%
2002 AL Baní, Dominican Republic Miguel Tejada
39%
1988 AL Havana, Cuba José Canseco
36%
1984 AL Aguada, Puerto Rico Willie Hernández
36%
1977 AL Gatún, Panama Canal Zone Rod Carew
35%
1987 AL San Pedro de Macorís, Dominican Republic George Bell
32%
1967 NL Ponce, Puerto Rico Orlando Cepeda
31%
1965 AL Havana, Cuba Zoilo Versalles
25%
No matching quizzes found
Score Distribution
Percent of People with Each Score
Percentile by Number Answered
Your Score History
You have not taken this quiz since the last reset